| 000 | 00352nam a2200133Ia 4500 | ||
|---|---|---|---|
| 008 | 240624s9999 xx 000 0 und d | ||
| 041 | _aeng | ||
| 082 | _a344.01 KUM | ||
| 100 | _aKUMAR H L | ||
| 245 | _aTRANSFER OF EMPLOYEES UNDER LABOUR LAWS | ||
| 260 |
_c2000 _aDelhi _bUniversal Law Publishing |
||
| 300 | _axxvi, : 180 : p. : cm. ; 21 | ||
| 365 | _cRS | ||
| 999 |
_c2523 _d2523 |
||